000 00471nam a2200193Ia 4500
005 20240823045728.0
008 240823s9999||||xx |||||||||||||| ||und||
020 _a978-81-7371-681-2
041 _aENGLISH
082 _A625.7 Q1
100 _aSrinivasa Kumar R
245 0 _aTextbook of Highway Engineering
250 _a1st
260 _c2011
_bUniversities Press Hyd
500 _aYES
650 _aHighway Engineering
_bCivil
942 _cBK
999 _c215630
_d215630